Wheel of Time Couples/Pillow Friends - Statistics

General Stats
  • This quiz has been taken 56 times
  • The average score is 11 of 26
Answer Stats
Hint Answer % Correct
Nynaeve al'Meara Lan Mandragoran
91%
Gawyn Trakand Egwene al'Vere
81%
Perrin Aybara Faile Bashere
81%
Tuon Paendrag Matrim Cauthon
81%
Aviendha Rand al'Thor
81%
Gareth Bryne Siuan Sanche
81%
Gaidal Cain Birgitte Silverbow
72%
Amys Rhuarc
72%
Thom Merrilin Moiraine Damodred
69%
Melaine Bael
41%
Wit Congar Daise Congar
41%
Davram Bashere Deira Bashere
38%
Caraline Damodred Darlin Sisnera
34%
Raen Ila
34%
Morgase Trakand Martyn Tallanvor
31%
Rina Hafden Elyas Machera
22%
Bera Harkin Kiruna Nachiman
22%
Brys Noramaga Ethenielle Materasu
19%
Setalle Anan Jasfer Anan
19%
Jur Grady Sora Grady
19%
Meidani Eschede Elaida a'Roihan
16%
Elenia Sarand Jarid Sarand
16%
Seaine Herimon Pevara Tazanovni
13%
Ailil Riatin Shalon din Togara
13%
Galina Casban Tarna Feir
13%
Rodel Ituralde Tamsin Ituralde
9%
No matching quizzes found
Score Distribution
Percent of People with Each Score
Percentile by Number Answered
Your Score History
You have not taken this quiz